000 00627nam a22001937a 4500
003 LK-CoDNM
005 20241227130123.0
008 241227b |||||||| |||| 00| 0 eng d
040 _aLK-CoDNM
_dLK-CoDNM
_eLK-CoDNM
041 _aeng
080 _aRC
_b233
100 _aderaniyala p.e.p
245 _aSpolia Zeylanica
_bvol 30 part ii
_c1965
246 _aBulletin of the national museums of ceylon
260 _bceylon the director colombo museum england
_aprinted for ceylon government at the government press colombo ceylon
300 _a303p. : ill ; 24 cm
650 _asri lanka culture
942 _cBK
999 _c234320
_d234320